|
|
|
|
| LEADER |
00939cam a2200265 7i4500 |
| 001 |
0000068254 |
| 005 |
20220510090000.0 |
| 020 |
|
|
|a 9780323086912 (electronic book)
|
| 090 |
0 |
0 |
|a QP249
|b .K64 2013
|
| 100 |
1 |
|
|a Koeppen, Bruce M
|
| 245 |
1 |
0 |
|a Renal physiology
|c Bruce M. Koeppen, Bruce A. Stanton.
|
| 250 |
|
|
|a Fifth edition.
|
| 264 |
|
|
|a Philadelphia, PA:
|b Elsevier/Mosby,
|c 2013.
|
| 300 |
|
|
|a 1 online resource (240 pages):
|b colour illustrations, text file, PDF.
|
| 336 |
|
|
|a text
|2 rdacontent
|
| 337 |
|
|
|a computer
|2 rdamedia
|
| 338 |
|
|
|a online resource
|2 rdacarrier
|
| 650 |
|
0 |
|a Kidneys --
|x Physiology --
|x Problems, exercises, etc
|
| 650 |
|
0 |
|a Kidneys --
|x Physiology
|
| 655 |
|
0 |
|a Electronic books
|
| 700 |
1 |
|
|a Stanton, Bruce A.
|
| 856 |
4 |
2 |
|u http://library.unisel.edu.my/web/guest/mylibrary
|
| 997 |
|
|
|a Health Sciences, Faculty
|
| 998 |
|
|
|a Nursing, Diploma
|
| 999 |
|
|
|a EBO0012421
|b EBOOK
|c EBOOK
|e Electronic resources
|